<?xml version="1.0" encoding="UTF-8"?>
<record
    xmlns:xsi="http://www.w3.org/2001/XMLSchema-instance"
    xsi:schemaLocation="http://www.loc.gov/MARC21/slim http://www.loc.gov/standards/marcxml/schema/MARC21slim.xsd"
    xmlns="http://www.loc.gov/MARC21/slim">

  <leader>01204nam a22002297a 4500</leader>
  <controlfield tag="003">IT-MiCISF</controlfield>
  <controlfield tag="005">20250919111628.0</controlfield>
  <controlfield tag="008">250919b        |||||||| |||| 00| 0 eng d</controlfield>
  <datafield tag="040" ind1=" " ind2=" ">
    <subfield code="c">IT-MiCISF</subfield>
  </datafield>
  <datafield tag="041" ind1=" " ind2=" ">
    <subfield code="a">it</subfield>
  </datafield>
  <datafield tag="100" ind1=" " ind2=" ">
    <subfield code="a">Carr&#xE0; Elisabetta, Boccacin Lucia (a cura di)</subfield>
    <subfield code="9">62623</subfield>
  </datafield>
  <datafield tag="245" ind1=" " ind2=" ">
    <subfield code="a">Think Family, Act Family</subfield>
  </datafield>
  <datafield tag="250" ind1=" " ind2=" ">
    <subfield code="a">"Studi interdisciplinari sulla famiglia", n. 35</subfield>
  </datafield>
  <datafield tag="260" ind1=" " ind2=" ">
    <subfield code="c">2024</subfield>
  </datafield>
  <datafield tag="300" ind1=" " ind2=" ">
    <subfield code="a">pp. IX-245</subfield>
  </datafield>
  <datafield tag="310" ind1=" " ind2=" ">
    <subfield code="a">annuale</subfield>
  </datafield>
  <datafield tag="500" ind1=" " ind2=" ">
    <subfield code="a">famiglia, diritto, psicologia, statistica, politica-familiare, previdenze-per-famiglia, metodo-d'indagine, comparazione, lavoro, teoria, giovani, cura, carcere</subfield>
  </datafield>
  <datafield tag="650" ind1=" " ind2=" ">
    <subfield code="a">Famiglia</subfield>
  </datafield>
  <datafield tag="654" ind1=" " ind2=" ">
    <subfield code="a">rivista</subfield>
  </datafield>
  <datafield tag="700" ind1=" " ind2=" ">
    <subfield code="a">Amadini M., Bellani D., Bertoni A., Bissola R., Boccacin L., Bonanomi A., Cadei L., Carr&#xE0; E., Damiola S., Donato S., Facchin F., Fusar Poli C., </subfield>
    <subfield code="a">Iafrate R., Limongelli P., Lopez Narbona A.M., Lopez G., Luppi F., Mazzucchelli S., Molgora S., Mussetto G., Nicolussi A., Ortega Gaspar M., </subfield>
    <subfield code="a">Paolino C., Parise M., Pavesi N., Perali F., Pesenti L., Portonera G., Regalia C., Rivellini G., Rosnati R., Rusconi C., Saita E., Sorge A., Tabacchi A., </subfield>
    <subfield code="a">Truscello G., Vagnini D., Zini P.</subfield>
    <subfield code="9">62624</subfield>
  </datafield>
  <datafield tag="942" ind1=" " ind2=" ">
    <subfield code="2">ddc</subfield>
    <subfield code="c">CR</subfield>
  </datafield>
  <datafield tag="999" ind1=" " ind2=" ">
    <subfield code="c">360627</subfield>
    <subfield code="d">360627</subfield>
  </datafield>
  <datafield tag="952" ind1=" " ind2=" ">
    <subfield code="0">0</subfield>
    <subfield code="1">0</subfield>
    <subfield code="2">ddc</subfield>
    <subfield code="4">0</subfield>
    <subfield code="6">A_04_000000000000000_R039</subfield>
    <subfield code="7">1</subfield>
    <subfield code="a">CISF</subfield>
    <subfield code="b">CISF</subfield>
    <subfield code="d">2025-09-19</subfield>
    <subfield code="l">0</subfield>
    <subfield code="o">A04/R039</subfield>
    <subfield code="r">2025-09-19 11:16:45</subfield>
    <subfield code="w">2025-09-19</subfield>
    <subfield code="y">CR</subfield>
  </datafield>
</record>
